Documento firmado por Don José María Larios (Record no. 4724)

MARC details
000 -CABECERA
campo de control de longitud fija 01291nam a2200289 a 4500
001 - NÚMERO DE CONTROL
campo de control BRCA_5030
005 - FECHA Y HORA DE LA ÚLTIMA TRANSACCIÓN
campo de control 20190320204918.0
008 - DATOS DE LONGITUD FIJA--INFORMACIÓN GENERAL
campo de control de longitud fija 031110s1811----mx-####f#v---#000-0#spa-#
041 ## - CÓDIGO DE LENGUA
Código de lengua del texto/banda sonora o título independiente spa
044 ## - CÓDIGO DEL PAÍS DE LA ENTIDAD EDITORA/PRODUCTORA
Código MARC del país mx
084 ## - OTRO NÚMERO DE CLASIFICACIÓN
Número de clasificación DOC12
Número de documento/Ítem .L37
-- 1811
100 1# - ENTRADA PRINCIPAL--NOMBRE DE PERSONA
Nombre de persona Larios, José María
Títulos y otros términos asociados al nombre Insurgente
9 (RLIN) 12846
245 10 - MENCIÓN DE TÍTULO
Título Documento firmado por Don José María Larios
Mención de responsabilidad, etc. José María Larios, Doña María Josefa Gris.
260 ## - PUBLICACIÓN, DISTRIBUCIÓN, ETC.
Lugar de publicación, distribución, etc. Oaxaca, México
Fecha de publicación, distribución, etc. 1811
300 ## - DESCRIPCIÓN FÍSICA
Extensión [2] fojas
Dimensiones 20 x 15 cm.
500 ## - NOTA GENERAL
Nota general Documento firmado el 12 de septiembre de 1811
500 ## - NOTA GENERAL
Nota general Petición de dinero a nombre de la religión para la defensa de Oaxaca contra el ataque de Morelos. Firmada en Oaxaca por Don José María Larios y dirigida a Doña María Josefa Gris
500 ## - NOTA GENERAL
Nota general El documento contiene la leyenda DOC. #21
500 ## - NOTA GENERAL
Nota general Estado de conservación: contiene manchas color rojo y acido
506 0# - NOTA DE RESTRICCIONES AL ACCESO
Limitaciones de acceso Fondo reservado: para su consulta es necesario credencial de usuario y carta de motivos.
546 ## - NOTA DE LENGUA/LENGUAJE
Nota de lengua/lenguaje Texto en: español de principios del siglo XIX.
600 14 - PUNTO DE ACCESO ADICIONAL DE MATERIA--NOMBRE DE PERSONA
Nombre de persona Larios, José María
Títulos y otros términos asociados al nombre Insurgente
Subdivisión general Historia
9 (RLIN) 12847
651 #4 - PUNTO DE ACCESO ADICIONAL DE MATERIA--NOMBRE GEOGRÁFICO
Nombre geográfico México
Subdivisión de forma Impreso con rúbricas
Subdivisión general Historia
Subdivisión cronológica Guerra de Independencia, 1810-1821
9 (RLIN) 12848
700 1# - PUNTO DE ACCESO ADICIONAL--NOMBRE DE PERSONA
Nombre de persona Gris, María Josefa
9 (RLIN) 12849
902 ## - CATALOGADOR
Iniciales FDH
942 ## - ELEMENTOS DE PUNTO DE ACCESO ADICIONAL (KOHA)
Fuente del sistema de clasificación o colocación Library of Congress Classification
Tipo de ítem Koha Documentos
Holdings
Estado de retiro Estado de pérdida Estado dañado No para préstamo Localización permanente Ubicación/localización actual Fecha de adquisición Total de préstamos Signatura topográfica completa Código de barras Fecha visto por última vez Precio válido a partir de Tipo de ítem Koha
El ejemplar forma parte de la colección y puede ser consultado según las políticas vigentes.       Biblioteca del Museo Franz Mayer (Rogerio Casas-Alatriste) Biblioteca del Museo Franz Mayer (Rogerio Casas-Alatriste) 03/11/2010   DOC12 .L37 1811 5126 22/03/2019 22/03/2019 Documentos